Statistics for Flags of the world - L

Click here to take the quiz!

General Stats

  • This quiz has been taken 23 times
  • The average score is 8 of 9

Answer Stats

Answer% Correct
Lebanon
100%
Latvia
95%
Luxembourg
95%
Laos
90%
Liberia
90%
Lithuania
90%
Liechtenstein
85%
Lesotho
80%
Libya
80%

Score Distribution

Percentile by Number Answered

Percent of People with Each Score

Your Score History

You have not taken this quiz